Historical Flags #2 - Statistics

General Stats
  • This quiz has been taken 283 times
  • The average score is 12 of 20
Answer Stats
Picture Hint Answer % Correct
Asia Cambodia
95%
Europe France
93%
Europe Croatia
90%
Europe Malta
90%
South America Argentina
89%
Africa Mozambique
88%
Europe Germany
86%
Europe Netherlands
84%
South America Brazil
82%
South America Venezuela
73%
Africa Democratic Republic of the Congo
63%
Asia Vietnam
51%
North America Bahamas
41%
Asia Singapore
38%
Asia Taiwan
38%
Asia Turkey
34%
Europe Ireland
33%
Europe Romania
28%
Asia Kyrgyzstan
19%
Africa Uganda
7%
No matching quizzes found
Score Distribution
Percent of People with Each Score
Percentile by Number Answered
Your Score History
You have not taken this quiz